00248nam a22000857a 4500082001400000245001200014260007800026300000900104490004900113 a664.54PER aPepeer/ aCColombo:bCeylon INstitute of Scientific and Industrial Reasearchc1983. a23p; aSeries on Sri lankan Spices, Monograph N0.2